Регионална библиотека "Любен Каравелов" - Русе

Аматьори и професионалисти (Запис номер 103704)

MARC детайли
000 -Лидер
Контролно поле с фиксирана дължина 01029nam a2200289 c 4500
003 - Код на организацията, давaща контролен номер
Контролно поле BLK
005 - Дата и час на последна редакция
Контролно поле 20180917092500.0
008 - Елементи от данни с фиксирана дължина
fixed length control field 180409b bul|||||r ||||||| ||bul||
010 ## - Наследен системен номер
LC control number KNG00108782000
020 ## - Международен стандартен номер на книга ISBN
Международен стандартен номер на книга ISBN 954-597-171-1
-- издат.: Фама
040 ## - Източник на каталожния запис
Идентификатор на билиотеката - собственик на записа BLK
041 ## - Код за език
Код за езика на текст/звукозапис или на отделно заглавие Български
Код за езика КДБФ Български
080 ## - УДК
Текстов определител УДК Българска литература
УДК код - определител по УДК 821.163.2
УДК определител -32
УДК - код + определител 821.163.2-32
100 1# - Редна дума - Автор
Автор Ранчев, Палми Стоянов
Авторска отговорност първи автор
R(LIN) 247447
139 ## - Редно поле
Редна дума Ранчев, Палми Стоянов
Авторски знак Ранк - Р 36
245 10 - Сведения за заглавието
Заглавие Аматьори и професионалисти
Редно поле (дума) Палми Стоянов Ранчев.
257 ## - Страна на издаване
Страна на създаване/издаване България
260 ## - Област на издателските данни
-- София
Име на издателя, разпространителя и проч. Фама
Година на издаване 2003
Печатница София : Симолини 94
300 ## - Физическа характеристика
Страници 200 с.
Размери/Мащаб 20 см
380 ## - Жанр
Жанр Худож. лит.
500 ## - Общи забележки
Забележка Изд. е спечелило конкурс на Нац. център за кн.
852 ## - Местоположение
Форматна сигнатура Цб 216569
856 4# - Електронен адрес и достъп
Електронен формат pdf - файл
Път до файла /url/
856 4# - Електронен адрес и достъп
Електронен формат pdf - файл
Път до файла /url/
942 ## - АРТИКУЛИ
Вид на библиотечния материал Книги
Скрит в OPAC Не
Koha issues (borrowed), all copies 2
944 ## - СЪЗДАВАНЕ И РЕДАКЦИЯ на ЗАПИСА
Създаване/Редакция Създаване
Дата на регистрацията/редакция 05.11.2003
Служител, извършил регистрацията/редакцията Валя_Йорданова
944 ## - СЪЗДАВАНЕ И РЕДАКЦИЯ на ЗАПИСА
Създаване/Редакция Редакция
Дата на регистрацията/редакция 01.03.2006
Служител, извършил регистрацията/редакцията
999 ## - СИСТЕМНИ КОНТРОЛНИ НОМЕРА
Koha biblionumber 103704
Koha biblioitemnumber 103704
Наличности
Код за отписване Код за изгубен артикул Източник на класификационната схема Код за повреда Коз за рестрикции Код за отдаване Артикулен № Име на библиотеката - собственик Име на библиотеката, в която се намира в момента Статус (Текущо местоположение) Дата на вписване в системата Местоположение - отдел Цена в лева Инвентарен номер Систематично азбучна сигнатура Баркод Номер на екземпляра Цена в евро Служебна бележка Служебен тип на артикула
Изтеглен Не е изгубен Universal Decimal Classification Не е повреден без рестрикции заемане за дома 167352 Регионална библиотека "Любен Каравелов" Русе Регионална библиотека "Любен Каравелов" Русе Заемна - подръчен фонд 2003-11-05 Заемна - подръчен фонд 6.00 120000679729 П 886.7-32/Р 36 120000679729 1 3.07 Дост: DA Вид: А N: 25 Дата: 05.11.2003 Книги
  Не е изгубен   Не е повреден без рестрикции ползва се в читалня 167353 Регионална библиотека "Любен Каравелов" Русе Регионална библиотека "Любен Каравелов" Русе Хранилище 2004-11-18 Хранилище 6.00 120000690263 Цб 216569 120000690263 2 3.07 Дост: Dp Вид: Д N: 6 Дата: 28.01.2004 Книги
  Не е изгубен   Не е повреден без рестрикции заемане за дома 167354 Регионална библиотека "Любен Каравелов" Русе Регионална библиотека "Любен Каравелов" Русе Заемна - подръчен фонд 2006-03-01 Заемна - подръчен фонд 6.00 120000700495 П 886.7-32/Р 96 120000700495 3 3.07 Дост: Ak Вид: Г N: 6 Дата: 01.03.2006 Дата инв: 12.02.2018 Бележки инв: П2018 Книги
Vip Innovations Ltd, Rousse, Bulgaria 2025